Goldfrank's toxicologic emergencies

Sparad:
Bibliografiska uppgifter
Materialtyp: Bok
Språk:Undetermined
Publicerad: New York McGraw-Hill 2002
Ämnen:
Taggar: Lägg till en tagg
Inga taggar, Lägg till första taggen!
Thư viện lưu trữ: Trung tâm Học liệu Trường Đại học Cần Thơ
LEADER 00497nam a2200181Ia 4500
001 CTU_61438
008 210402s9999 xx 000 0 und d
020 |c 1729000 
082 |a 615.9 
082 |b G618 
245 0 |a Goldfrank's toxicologic emergencies 
245 0 |c Lewis R. Goldfrank ... [et al.] 
260 |a New York 
260 |b McGraw-Hill 
260 |c 2002 
650 |a Toxicological emergencies 
904 |i Trọng Hải 
980 |a Trung tâm Học liệu Trường Đại học Cần Thơ